000 00410nam a2200157Ia 4500
008 230917s9999||||xx |||||||||||||| ||und||
020 _cRS495
040 _e33599
_aMAIN
041 _aEnglish
082 _a388.9 I2I
100 _aSoundarapandian, M. ed.
245 0 _aIndustrial resurgence in rural India's scope and strategies
260 _aNew Delhi
_bKanishka
_c2000
300 _a246 p.
942 _cBK
999 _c106446
_d106446